MARC

LEADER 00000nab a2200000 a 4500
001 vtls000050424
003 SK-MaSNL
005 20260305001905.0
008 240311c1980 xo 0 slo
015 |a SNBRB19rr/mm-uuuuu 
035 |a CL0060521 
040 |a SNKBUCL  |b slo  |c SNKBUCL  |e AACR2 
041 0 |a slo 
044 |a xo  |c SK 
080 |a 885.4-1(087.5)  |2 1981 
100 1 |a Hevier, Daniel,  |d 1955-  |4 aut  |9 103400 
245 1 0 |a Čo to bolo?  |c Daniel Hevier ; Ivan Popovič 
650 0 7 |a rečňovanky  |2 snkbucl  |9 278360 
650 0 7 |a literatúra pre deti a mládež  |2 snkbucl  |9 21893 
655 7 |a články z novín a časopisov  |2 snkbucl  |9 267496 
655 7 |a články z odboru literárna veda a krásna literatúra  |2 snkbucl  |9 770045 
700 1 |a Popovič, Ivan,  |d 1944-  |4 gup  |9 193310 
773 0 |t Zornička  |g Roč. 32, č. 8 (1979/1980), s. 7 
850 |a Slovenská národná knižnica v Martine  |a MTA001 
852 |a SNK  |b KIS3GCP 
958 |a RK 
958 |a LX 
992 |a RBX 
999 |c 3222113  |d 3224043